000 00334nam a22001217a 4500
999 _c4562
_d4562
008 250228b ||||| |||| 00| 0 eng d
020 _a9781847502988
082 _a932 ALL
100 _aALL
245 _aDISCOVERING ANCIENT EGYPT
260 _a2ND FLOOR,314 REGENTS PARK ROAD LONDON N3 2JX
_bALLIGATOR PRODUCTS LTD
_c2019
942 _2ddc